Object lessons for church groups. (Record no. 9955)

000 -LEADER
fixed length control field 00575nam a2200193 a 4500
001 - CONTROL NUMBER
control field :::00007740$&:&@@
003 - CONTROL NUMBER IDENTIFIER
control field OkBaRHE
005 - DATE AND TIME OF LATEST TRANSACTION
control field 20000607103339.0
008 - FIXED-LENGTH DATA ELEMENTS--GENERAL INFORMATION
fixed length control field s1975 j 000 0 eng u
040 ## - CATALOGING SOURCE
Transcribing agency
100 1# - MAIN ENTRY--PERSONAL NAME
Personal name Hutchcroft, Vera.
245 10 - TITLE STATEMENT
Title Object lessons for church groups.
260 ## - PUBLICATION, DISTRIBUTION, ETC. (IMPRINT)
Place of publication, distribution, etc Grand Rapids, MI., :
Name of publisher, distributor, etc Baker Book House
Date of publication, distribution, etc c1975
300 ## - PHYSICAL DESCRIPTION
Extent 95 p. ;
Dimensions 20 cm.
650 ## - SUBJECT ADDED ENTRY--TOPICAL TERM
Topical term or geographic name as entry element Object-teaching
650 ## - SUBJECT ADDED ENTRY--TOPICAL TERM
Topical term or geographic name as entry element Religious Education
942 ## - ADDED ENTRY ELEMENTS (KOHA)
Source of classification or shelving scheme
Koha item type Books
Copies
Permanent Location Lost status Damaged status Date last seen Not for loan Copy number Shelving location Date acquired Full call number Koha item type Withdrawn status Barcode Source of classification or shelving scheme Price effective from
RHEMA Bible Training College  2010-04-14 1General Stacks2010-04-14BV 1535 .H8Books 7740 2010-04-14